[Event "NED-ch 1984"]
[Site "Hilversum"]
[Date "1984.??.??"]
[Round "11"]
[White "Van der Sterren, Paul"]
[Black "Van Wijgerden, Cor"]
[Result "1/2-1/2"]
[WhiteElo "2455"]
[BlackElo "2435"]
[PlyCount "113"]
[EventDate "1984.??.??"]
[Source "ChessBase"]
[SourceDate "1999.07.01"]

1. e4 d5 2. exd5 Qxd5 3. Nc3 Qa5 4. d4 Nf6 5. Nf3 c6 6. Bd2 Bf5 7. Bc4 e6 8.
Qe2 Bb4 9. Ne5 Nbd7 10. Nxd7 Nxd7 11. a3 Nf6 12. O-O Bxc3 13. Bxc3 Qc7 14. f3
O-O 15. Be1 Rad8 16. Rd1 Nd5 17. Bg3 Qb6 18. c3 Rd7 19. Rd2 Qd8 20. Bb3 Re8 21.
Rfd1 Bg6 22. c4 Ne7 23. Bh4 Qc7 24. Ba2 Nf5 25. Bf2 Red8 26. b4 a6 27. g4 Ne7
28. Bg3 Qb6 29. Bf2 Qc7 30. Bg3 Qb6 31. Qe5 Qa7 32. h4 h6 33. h5 Bh7 34. a4 b6
35. b5 axb5 36. axb5 Qa4 37. Bh4 cxb5 38. cxb5 Bc2 39. Rc1 Qxa2 40. Rdxc2 Qa8
41. Kg2 g5 42. hxg6 Nxg6 43. Qh2 Nxh4+ 44. Qxh4 Rxd4 45. Qxh6 Qd5 46. Qh4 Qxb5
47. Qf6 Qd5 48. Kg3 Qd6+ 49. Kg2 Rd2+ 50. Rxd2 Qxd2+ 51. Kg3 Ra8 52. Rc6 Qe3
53. Rc7 Qg1+ 54. Kh3 Qh1+ 55. Kg3 Qg1+ 56. Kh3 Qh1+ 57. Kg3 1/2-1/2

[Event "NED-ch 1984"]
[Site "Hilversum"]
[Date "1984.??.??"]
[Round "11"]
[White "Van der Wiel, John"]
[Black "Van Mil, Johan"]
[Result "1/2-1/2"]
[WhiteElo "2535"]
[BlackElo "2400"]
[PlyCount "98"]
[EventDate "1984.??.??"]
[Source "ChessBase"]
[SourceDate "1999.07.01"]

1. e4 c5 2. Nf3 e6 3. d4 cxd4 4. Nxd4 Nc6 5. Nb5 d6 6. c4 Nf6 7. N1c3 a6 8. Na3
Be7 9. Be2 O-O 10. O-O b6 11. Be3 Ne5 12. Bd4 Nc6 13. Be3 Ne5 14. Bd4 Bb7 15.
f3 Qc7 16. Rc1 Rac8 17. Qe1 Nfd7 18. Kh1 Ng6 19. Be3 Rfe8 20. Qf2 Bh4 21. Qg1
Bf6 22. Rfd1 Qb8 23. Rc2 Be5 24. Na4 d5 25. exd5 exd5 26. Nxb6 Nxb6 27. Bxb6
Nf4 28. Bf1 Re6 29. cxd5 Nxd5 30. Rxc8+ Qxc8 31. Bxa6 Bxa6 32. Rxd5 Re8 33. Bd4
Bf4 34. Bc3 Qe6 35. Qd4 Qh6 36. Rh5 Qg6 37. Rh4 Be5 38. Qa4 f5 39. Qb4 Kh8 40.
Bxe5 Rxe5 41. Qb8+ Re8 42. Qb4 Qd6 43. h3 Qg3 44. Nc2 Qf2 45. Qa4 Re2 46. Ne3
h6 47. Rxh6+ gxh6 48. Qe8+ Kh7 49. Qf7+ Kh8 1/2-1/2